| 000 | 02106cam a22004934a 4500 | ||
|---|---|---|---|
| 001 | data | ||
| 005 | 20260322212104.0 | ||
| 007 | data | ||
| 008 | data | ||
| 035 | _a13807929 | ||
| 906 |
_a7 _bcbc _corignew _d1 _eecip _f20 _gy-gencatlg |
||
| 925 | 0 |
_aacquire _b1 shelf copy _xpolicy default |
|
| 955 |
_djc02 2004-12-07; _ejc13 2004-12-07 to Dewey |
||
| 955 | _fpv03 2005-11-23 CIP ver. to BCCD | ||
| 010 | _a 2004028886 | ||
| 016 | 7 |
_a101235534 _2DNLM |
|
| 016 | 7 |
_a013147873 _2Uk |
|
| 020 |
_a0781736390 _qpbk. |
||
| 020 |
_a9780781736398 _q(pbk.) |
||
| 035 | _a(OCoLC)57202439 | ||
| 040 |
_aDNLM/DLC _cDLC _dDLC _dC#P _dBAKER _dMUQ _dOCL _dUKM _dDLC |
||
| 042 | _apcc | ||
| 050 | 0 | 0 |
_aQM23.2 _b.M67 2006 |
| 060 | 0 | 0 | _a2005 H-686 |
| 060 | 1 | 0 |
_aQS 4 _bM822c 2006 |
| 082 | 0 | 0 |
_a611 _222 |
| 100 | 1 | _aMoore, Keith L. | |
| 245 | 1 | 0 |
_aClinically oriented anatomy / _cKeith L. Moore, Arthur F. Dalley II ; in collaboration with, and with content provided by Anne M.R. Agur ; with the developmental assistance and dedication of Marion E. Moore. |
| 250 | _a5th ed. | ||
| 260 |
_aPhiladelphia : _bLippincott Williams & Wilkins, _cc2006. |
||
| 300 |
_axxxiii, 1209 p. : _bill. (chiefly col.) ; _c28 cm. + _e2 CD-ROMs (4 3/4 in.) |
||
| 504 | _aIncludes bibliographical references and index. | ||
| 505 | 0 | _aThorax -- Abdomen -- Pelvis and perineum -- Back -- Lower limb -- Upper limb -- Head -- Neck -- Cranial nerves. | |
| 538 | _aSystem requirements for accompanying DVD-ROM: Windows 98/2000/XP compatible. | ||
| 650 | 0 | _aHuman anatomy. | |
| 650 | 0 | _aAnatomy, Pathological. | |
| 650 | 1 | 2 | _aAnatomy. |
| 700 | 1 | _aDalley, Arthur F. | |
| 700 | 1 | _aAgur, A. M. R. | |
| 856 | 4 | 1 |
_3Table of contents _uhttp://www.loc.gov/catdir/toc/ecip054/2004028886.html |
| 856 | 4 | 2 |
_3Publisher description _uhttp://www.loc.gov/catdir/enhancements/fy0712/2004028886-d.html |
| 985 |
_aNLMCIP _d2004-12-07 |
||
| 999 |
_c1523 _d1523 |
||